[Event "ROM-ch U18 Girls"]
[Site "Baile Felix"]
[Date "2017.02.05"]
[Round "4"]
[White "Bancos, Ileana Camelia"]
[Black "Zoitanu, Ioana"]
[Result "1-0"]
[WhiteElo "1006"]
[BlackElo "1297"]
[PlyCount "73"]
[EventDate "2017.02.02"]
[EventType "swiss"]
[EventRounds "9"]
[EventCountry "ROU"]
[SourceTitle "CBM 176 Extra"]
[Source "ChessBase"]
[SourceDate "2017.03.02"]
[SourceVersion "1"]
[SourceVersionDate "2017.03.02"]
[SourceQuality "1"]

1. e4 e5 2. Nf3 Nc6 3. Bb5 Nge7 4. d3 a6 5. Bc4 h6 6. Nh4 d6 7. Nc3 Ng8 8. Qh5 Qd7 9. Qf3 Nd4 10. Qd1 Nf6 11. Be3 c5 12. a4 Be7 13. Bxd4 exd4 14. Nb5 0-0 15. Na3 Nxe4 16. Ng6 Re8 17. dxe4 Bf6 18. 0-0 Rxe4 19. g3 Qxa4 20. Bd3 Re8 21. Nf4 Qc6 22. f3 Bg5 23. Be4 Qc7 24. Nd5 Qd8 25. Nb5 Bh3 26. Re1 Be3+ 27. Nxe3 dxe3 28. Nxd6 Re6 29. Nxb7 Qxd1 30. Raxd1 Rb8 31. Nxc5 Ree8 32. b3 a5 33. g4 Rbc8 34. Rd5 Rb8 35. Rxe3 a4 36. Nxa4 Rbc8 37. Kf2 1-0

[Event "ROM-ch U18 Girls"]
[Site "Baile Felix"]
[Date "2017.02.02"]
[Round "1"]
[White "Bancos, Ileana Camelia"]
[Black "Toba, Andreea Valentina"]
[Result "0-1"]
[WhiteElo "1006"]
[BlackElo "1548"]
[PlyCount "30"]
[EventDate "2017.02.02"]
[EventType "swiss"]
[EventRounds "9"]
[EventCountry "ROU"]
[SourceTitle "CBM 176 Extra"]
[Source "ChessBase"]
[SourceDate "2017.03.02"]
[SourceVersion "1"]
[SourceVersionDate "2017.03.02"]
[SourceQuality "1"]

1. d4 Nf6 2. Nf3 g6 3. e3 Bg7 4. Bd3 0-0 5. 0-0 d6 6. Nc3 Nbd7 7. Re1 c6 8. e4 e5 9. Ne2 Qe7 10. Be3 exd4 11. Bxd4 Ne5 12. Bxe5 dxe5 13. Nd2 Rd8 14. f4 Qc5+ 15. Kf1 Ng4 0-1